| 000 | 02093nam0a2200397 4500 | ||
|---|---|---|---|
| 001 | RU\NLR\bibl\1039793 | ||
| 005 | 20260405122215.0 | ||
| 010 |
_a5-89016-243-8 _950 |
||
| 021 |
_aRU _b2006-81622 _94136 |
||
| 035 | _a(NLR Aleph) 001027196 | ||
| 090 |
_a735762 _c735762 |
||
| 100 | _a20070202d2006 |||y0rusy50 ca | ||
| 101 | 0 |
_arus _deng _eeng |
|
| 102 | _aRU | ||
| 105 | _ay ||||||||| | ||
| 200 | 1 |
_aКонстанты национального характера в литературе первой половины XX века _dConstants of national character in the literature of the first half of the XX century _eучебное пособие _e[для студентов старших курсов Института филологии] _fН.Ю. Желтова _gФедер. агентство по образованию, Тамб. гос. ун-т им. Г.Р. Державина _zeng |
|
| 210 |
_aТамбов _cИзд-во ТГУ _d2006 |
||
| 215 |
_a166 с. _d20 |
||
| 300 | _aАвт. также на англ. яз.: N.Y. Zheltova | ||
| 300 | _aРез. на англ. яз. | ||
| 320 | _aБиблиогр.: с. 155-166 и в подстроч. прим. | ||
| 510 | 0 |
_6z73790 _aConstants of national character in the literature of the first half of the XX century _zeng |
|
| 606 | 1 |
_aРусская советская литература _xТематика _9913059 _3RU\NLR\auth\6614140 |
|
| 606 | 1 |
_aРусская литература _xТематика _z20 в. _9995688 _3RU\NLR\auth\6658972 |
|
| 606 | 1 |
_aНациональный характер в художественной литературе _91738994 _3RU\NLR\auth\66777968 |
|
| 686 | _aШ5(2=Р)7-34 | ||
| 686 | _aШ5(2=Р)53-34 | ||
| 700 | 1 |
_4070 _8rus _7ca _aЖелтова _bН. Ю. _gНаталия Юрьевна _3RU\NLR\auth\7748087 _931022 |
|
| 790 | 1 |
_4070 _8rus _7ba _aŽeltova _bN. Ju. _gNatalija Jur'evna _3RU\NLR\auth\7748091 _931026 |
|
| 801 | 0 |
_aRU _bNLR _c20070202 _gRCR |
|
| 801 | 1 |
_aRU _bNLR _c20070202 |
|
| 830 | _aАвт. по кн | ||
| 942 | _cBOOK | ||
| 980 | _aNB | ||